English : 1
| Format: | Book |
|---|---|
| Published: |
Kuala Lumpur :
Fargoes ,
2006
|
| Series: | Pratext tematik
|
| Subjects: |
MARC
| LEADER | 00000cam a2200000 7i4500 | ||
|---|---|---|---|
| 001 | 0000005142 | ||
| 005 | 20220105104009.0 | ||
| 008 | 070802 | ||
| 020 | |a 9833456677 | ||
| 090 | 0 | 0 | |a JP |b EDU ENG (4409) |
| 245 | 1 | 0 | |a English : |b 1 |
| 260 | |a Kuala Lumpur : |b Fargoes , |c 2006 | ||
| 440 | |a Pratext tematik | ||
| 500 | |a Children age 4-6 years old (yellow) | ||
| 650 | 0 | |a Education | |
| 650 | 0 | |a Junior preschool |x English |x Languages | |
| 999 | |a 0000979250 |b Book |c Children Collection |e Cawangan Taman Universiti | ||
| 999 | |a 0000979253 |b Book |c Children Collection |e Cawangan Mersing | ||